Az idő illata filozófiai esszé az elidőzés művészetéről
Elmentve itt :
| Szerző: | |
|---|---|
| További közreműködők: | |
| Adatforrás: | Philobibl |
| Dokumentumtípus: | Könyv |
| Nyelv: | magyar |
| Kulcsszavak: | filozófia, német, 20-21. sz. idő társadalmi viselkedés időmenedzsment történetfilozófia gondolkodás lélektana esszé |
| Megjelent: |
Budapest
Typotex
cop. 2024
|
| LEADER | 00633nam a2200205 c 4500 | ||
|---|---|---|---|
| 001 | bibMOK09068028 | ||
| 005 | 20241217130136.8 | ||
| 008 | 240826s20242024hu b 00000 hun d | ||
| 100 | 1 | |a Han Byung-Chul | |
| 245 | 1 | 3 | |a Az idő illata |b filozófiai esszé az elidőzés művészetéről |c Byung-Chul Han ; ford. Csordás Gábor |
| 260 | |a Budapest |b Typotex |c cop. 2024 | ||
| 300 | |a 168, [1] p. | ||
| 695 | |a filozófia, német, 20-21. sz. | ||
| 695 | |a idő | ||
| 695 | |a társadalmi viselkedés | ||
| 695 | |a időmenedzsment | ||
| 695 | |a történetfilozófia | ||
| 695 | |a gondolkodás lélektana | ||
| 695 | |a esszé | ||
| 700 | 1 | |a Csordás Gábor | |